000 00535cam a2200205ua 4500
005 20201214124647.0
008 200220n ii |||gr||||Z||||||eng
020 _a9789383252695
040 _cMAIN
_aIN-DiNC
041 _deng
082 _a598
_bPUR
100 _aPurkayastha, Jayaditya
_eauthor
245 _aAmateurs guide to birds of Assam
_cBy Jayaditya Purkayastha
250 _a1st ed.
260 _aGuwahati:
_bEBH publishers,
_c2015.
300 _a129p.
650 _aAnimals
650 _aOrnithology
942 _cBK
_2ddc
999 _c10888
_d10888